| 000 | 00401nam a2200169Ia 4500 | ||
|---|---|---|---|
| 008 | 130318s9999 xx 000 0 und d | ||
| 020 | _a8183331637 | ||
| 082 | _a005.133C KAN/L | ||
| 100 | _aKanetkar, Yashavant P | ||
| 245 | _aLet Us C | ||
| 250 | _a10 | ||
| 260 |
_bBPB Publications _aNew Delhi _c2010 |
||
| 300 | _a741 | ||
| 650 | _aC PROGRAM | ||
| 650 | _aLINUX | ||
| 650 | _aPROGRAMMING LANGUAGE | ||
| 999 |
_c1958 _d1958 |
||